书目信息 |
| 题名: |
大数据时代的图书馆信息服务模式变革
|
|
| 作者: | 郭燕平 , 王锐英 主编 | |
| 分册: | ||
| 出版信息: | 北京 中国建筑工业出版社 2018.02 |
|
| 页数: | 254页 | |
| 开本: | 26cm | |
| 丛书名: | ||
| 单 册: | ||
| 中图分类: | G258.6 | |
| 科图分类: | ||
| 主题词: | 院校图书馆--yuan xiao tu shu guan--图书馆工作--情报服务--研究 | |
| 电子资源: | ||
| ISBN: | 978-7-112-21455-6 | |
| 000 | 01117nam0 2200241 450 | |
| 001 | 0100002268 | |
| 005 | 20190305110543.61 | |
| 010 | @a978-7-112-21455-6@dCNY68.00 | |
| 100 | @a20180327d2018 em y0chiy50 ea | |
| 101 | 0 | @achi |
| 102 | @aCN@b110000 | |
| 105 | @aak a 000yy | |
| 200 | 1 | @a大数据时代的图书馆信息服务模式变革@Ada shu ju shi dai de tu shu guan xin xi fu wu mo shi bian ge@f郭燕平, 王锐英主编 |
| 210 | @a北京@c中国建筑工业出版社@d2018.02 | |
| 215 | @a254页@c图@d26cm | |
| 320 | @a有书目 | |
| 330 | @a本书所收录文章是高校图书馆馆员对大数据时代背景下的图书馆工作的理论研究及实践探讨, 其中既有985高校馆员在图书馆服务空间再造、增强用户体验方面所开展的创新服务研究, 也有211高校馆员在数字资源为王的现阶段对纸本资源建设的理性思考, 同时还有其它普通高校馆员在知识信息服务、数字资源建设及评价、信息素养教育、读者阅读行为分析及阅读推广方面的实践总结。 | |
| 606 | 0 | @a院校图书馆@Ayuan xiao tu shu guan@x图书馆工作@x情报服务@x研究 |
| 690 | @aG258.6@v5 | |
| 701 | 0 | @a郭燕平@Aguo yan ping@4主编 |
| 701 | 0 | @a王锐英@Awang rui ying@4主编 |
| 801 | 0 | @aCN@c20180910 |
| 905 | @a河南城建学院图书馆@dG258.6@eG864 | |
| 大数据时代的图书馆信息服务模式变革/郭燕平, 王锐英主编.-北京:中国建筑工业出版社,2018.02 |
| 254页:图;26cm |
| ISBN 978-7-112-21455-6:CNY68.00 |
| 本书所收录文章是高校图书馆馆员对大数据时代背景下的图书馆工作的理论研究及实践探讨, 其中既有985高校馆员在图书馆服务空间再造、增强用户体验方面所开展的创新服务研究, 也有211高校馆员在数字资源为王的现阶段对纸本资源建设的理性思考, 同时还有其它普通高校馆员在知识信息服务、数字资源建设及评价、信息素养教育、读者阅读行为分析及阅读推广方面的实践总结。 |
| ● |
| 相关链接 |
|
|
|
正题名:大数据时代的图书馆信息服务模式变革
索取号:G258.6/G864
 
预约/预借
| 序号 | 登录号 | 条形码 | 馆藏地/架位号 | 状态 | 备注 |
| 1 | 1304651 | 213046513 | 社科库409/409社科库 60排1列2层/ [索取号:G258.6/G864] | 在馆 | |
| 2 | 1386242 | 213862426 | 社科库409/409社科库 60排1列2层/ [索取号:G258.6/G864] | 在馆 | |
| 3 | 1386243 | 213862435 | 社科二线422/409社科库 60排1列2层/ [索取号:G258.6/G864] | 在馆 |